000 00788nam a22002297a 4500
003 UA-OsUOA
001 126257
007 ta
008 20171013b un ||||| |||| 00| 0 ukr d
090 _a94(420)(075.8)
_bІ-99
942 _cBK
040 _aUA-OsUOA
_bukr
_cUA-OsUOA
_dUA-OsUOA
245 _aІсторія Великої Британії
_bнавчально-методичний посібник для студентів факультету іноземних мов
_cукл. І. І. Кривошея, О. В. Барвінок
300 _a206 с.
955 _a2
041 _aukr
080 _a94(420)(075.8)
020 _a978-966-373-829-1
260 _aК.
_bКНТ
_c2017
650 7 _a9 Географія. Біографії. Історія
_2UDC
999 _c413526
_d413526